<?xml version="1.0" encoding="UTF-8"?>
<record
    xmlns:xsi="http://www.w3.org/2001/XMLSchema-instance"
    xsi:schemaLocation="http://www.loc.gov/MARC21/slim http://www.loc.gov/standards/marcxml/schema/MARC21slim.xsd"
    xmlns="http://www.loc.gov/MARC21/slim">

  <leader>01224nam a22001817a 4500</leader>
  <controlfield tag="008">140610b        xxu||||| |||| 00| 0 eng d</controlfield>
  <datafield tag="020" ind1=" " ind2=" ">
    <subfield code="a">9788184780154</subfield>
  </datafield>
  <datafield tag="050" ind1=" " ind2=" ">
    <subfield code="a">HF5635.S4</subfield>
  </datafield>
  <datafield tag="100" ind1=" " ind2=" ">
    <subfield code="a">Sehgal,Ashok</subfield>
  </datafield>
  <datafield tag="245" ind1=" " ind2=" ">
    <subfield code="a">Advanced accounting: financial accounting. /</subfield>
    <subfield code="c">Ashok Sehgal and Deepak Sehgal</subfield>
  </datafield>
  <datafield tag="250" ind1=" " ind2=" ">
    <subfield code="a">6th.ed</subfield>
  </datafield>
  <datafield tag="260" ind1=" " ind2=" ">
    <subfield code="a">India:</subfield>
    <subfield code="b">Taxman Allied Services;</subfield>
    <subfield code="c">2008.</subfield>
  </datafield>
  <datafield tag="300" ind1=" " ind2=" ">
    <subfield code="a">various pagings.:</subfield>
    <subfield code="b">ills.:</subfield>
    <subfield code="c">24cm.</subfield>
  </datafield>
  <datafield tag="505" ind1=" " ind2=" ">
    <subfield code="a">Contents: Issue and Forfeiture of shares -- Redemption of preference shares and buy-back of shares -- Accounting for debentures -- Underwriting of issues of securities -- Final accounts of companies -- Funds flow statement -- Cash flow statement -- Earning per share -- Financial statement analysis -- Valuation of Goodwill -- Valuation of shares -- Consolidated financial statement -- Amalgamation and external reconstruction -- Internal reconstruction -- Accounting for reconstruction liquidation of companies -- Banking company accounts -- Accounts of electricity supply companies (Including railways/public utilities) -- Accounts of Insurance companies -- Indian accounting standards -- Inflation accounting.</subfield>
  </datafield>
  <datafield tag="650" ind1=" " ind2=" ">
    <subfield code="a">Accounting.</subfield>
  </datafield>
  <datafield tag="700" ind1=" " ind2=" ">
    <subfield code="a">Deepak Sehgal.</subfield>
  </datafield>
  <datafield tag="942" ind1=" " ind2=" ">
    <subfield code="2">lcc</subfield>
    <subfield code="c">BK</subfield>
  </datafield>
  <datafield tag="999" ind1=" " ind2=" ">
    <subfield code="c">2973</subfield>
    <subfield code="d">10473</subfield>
  </datafield>
  <datafield tag="952" ind1=" " ind2=" ">
    <subfield code="0">0</subfield>
    <subfield code="1">0</subfield>
    <subfield code="2">lcc</subfield>
    <subfield code="4">0</subfield>
    <subfield code="7">0</subfield>
    <subfield code="a">WIUC-1</subfield>
    <subfield code="b">WIUC-1</subfield>
    <subfield code="c">REF</subfield>
    <subfield code="d">2014-06-10</subfield>
    <subfield code="l">0</subfield>
    <subfield code="o">HF5635.541</subfield>
    <subfield code="p">7122/147/13</subfield>
    <subfield code="r">2014-06-10 00:00:00</subfield>
    <subfield code="t">2</subfield>
    <subfield code="w">2014-06-10</subfield>
    <subfield code="y">BK</subfield>
  </datafield>
  <datafield tag="952" ind1=" " ind2=" ">
    <subfield code="0">0</subfield>
    <subfield code="1">0</subfield>
    <subfield code="2">lcc</subfield>
    <subfield code="4">0</subfield>
    <subfield code="7">0</subfield>
    <subfield code="a">WIUC-1</subfield>
    <subfield code="b">WIUC-1</subfield>
    <subfield code="c">REF</subfield>
    <subfield code="d">2014-06-10</subfield>
    <subfield code="l">0</subfield>
    <subfield code="o">HF5635.542</subfield>
    <subfield code="p">7123/148/13</subfield>
    <subfield code="r">2014-06-10 00:00:00</subfield>
    <subfield code="t">3</subfield>
    <subfield code="w">2014-06-10</subfield>
    <subfield code="y">BK</subfield>
  </datafield>
</record>
